00512 2200169 4500245006600000020002200066250001100088100002700099650003600126650001000162005001900172260009700191041001400288084001200302300001900314336000900333 aKamus Seni dan Industri KreatifcDiah Uswatun NurhayatihText a978-602-437-554-6 aCet. 1 aDiah Uswatun Nurhayati aKamus Seni dan Industri Kreatif aEbook a20241031133820 aJakartabBadan Pengembangan dan Pembinaan Bahasa Kementerian Pendidikan dan Kebudayaanc2018 aIndonesia a338.403 a146 Hlm :cPDF atext